कुमाल समाजको सामाजिक सांस्कृतिक, आर्थिक तथा विविध विषय समेटेर गरेको अध्ययन चिर्तुङ्गधारा गा.वि.सा., पाल्पा / (Record no. 120797)
[ view plain ]
| 000 -LEADER | |
|---|---|
| fixed length control field | 01036nam a22001817a 4500 |
| 008 - FIXED-LENGTH DATA ELEMENTS--GENERAL INFORMATION | |
| fixed length control field | 250314b |||||||| |||| 00| 0 eng d |
| 020 ## - INTERNATIONAL STANDARD BOOK NUMBER | |
| International Standard Book Number | 9789937235037 |
| 082 ## - DEWEY DECIMAL CLASSIFICATION NUMBER | |
| Edition number | 23rd. |
| Classification number | N305.8 |
| Item number | Mu712k |
| 100 1# - MAIN ENTRY--PERSONAL NAME | |
| Personal name | मुखिया, बाघ वीर (कुमाल) |
| 241 ## - ROMANIZED TITLE (BK AM CF MP MU VM) | |
| Romanized title | Kumal samajko samajik sanskritik, aarthik tatha vividha vishaya sametera gareko adhyayan Chirtungadhara Ga.Bi.Sa., Palpa / Bagh Vir Mukhiya (Kumal). |
| 245 ## - TITLE STATEMENT | |
| Title | कुमाल समाजको सामाजिक सांस्कृतिक, आर्थिक तथा विविध विषय समेटेर गरेको अध्ययन चिर्तुङ्गधारा गा.वि.सा., पाल्पा / |
| Statement of responsibility, etc. | बाघ वीर मुखिया (कुमाल). |
| 260 ## - PUBLICATION, DISTRIBUTION, ETC. | |
| Place of publication, distribution, etc. | [s.l] : |
| Name of publisher, distributor, etc. | राधा देवी मुखिया, |
| Date of publication, distribution, etc. | २०६८वि. |
| 300 ## - PHYSICAL DESCRIPTION | |
| Extent | 120p. : ill. |
| 500 ## - GENERAL NOTE | |
| General note | Includes references. |
| 650 ## - SUBJECT ADDED ENTRY--TOPICAL TERM | |
| Topical term or geographic name entry element | जातजाति |
| 9 (RLIN) | 37007 |
| 650 ## - SUBJECT ADDED ENTRY--TOPICAL TERM | |
| Topical term or geographic name entry element | Ethnic group |
| 942 ## - ADDED ENTRY ELEMENTS (KOHA) | |
| Source of classification or shelving scheme | Dewey Decimal Classification |
| Koha item type | ISBN |
| Withdrawn status | Lost status | Source of classification or shelving scheme | Damaged status | Not for loan | Home library | Current library | Date acquired | Total Checkouts | Full call number | Barcode | Date last seen | Price effective from | Koha item type |
|---|---|---|---|---|---|---|---|---|---|---|---|---|---|
| Dewey Decimal Classification | Tribhuvan University Central Library | Tribhuvan University Central Library | 03/14/2025 | N305.8 Mu712k | IS34075 | 03/14/2025 | 03/14/2025 | ISBN |
